<?xml version="1.0" encoding="UTF-8"?>
<record
    xmlns:xsi="http://www.w3.org/2001/XMLSchema-instance"
    xsi:schemaLocation="http://www.loc.gov/MARC21/slim http://www.loc.gov/standards/marcxml/schema/MARC21slim.xsd"
    xmlns="http://www.loc.gov/MARC21/slim">

  <leader>01288nam a2200289 a 4500</leader>
  <controlfield tag="001">BRCA_8295</controlfield>
  <controlfield tag="005">20190320210220.0</controlfield>
  <controlfield tag="008">160614s1797----fr-ab##f##---#000-0#fre-#</controlfield>
  <datafield tag="041" ind1=" " ind2=" ">
    <subfield code="a">fre</subfield>
  </datafield>
  <datafield tag="044" ind1=" " ind2=" ">
    <subfield code="a">fr</subfield>
  </datafield>
  <datafield tag="050" ind1=" " ind2="4">
    <subfield code="a">DS35.5</subfield>
    <subfield code="b">.V6 1797</subfield>
  </datafield>
  <datafield tag="100" ind1="1" ind2=" ">
    <subfield code="a">Kerym, Abdoul</subfield>
    <subfield code="9">20712</subfield>
  </datafield>
  <datafield tag="245" ind1="1" ind2="0">
    <subfield code="a">Voyage de l&#xB4;Inde a la Mekke</subfield>
    <subfield code="c">Abdoul Kerym ; extrait et tradnit de la version anglaise de ses memoires, avec des notes g&#xE9;ographiques, litt&#xE9;raires &amp;c. par L. Langl&#xE9;s.</subfield>
  </datafield>
  <datafield tag="260" ind1=" " ind2=" ">
    <subfield code="a">Paris</subfield>
    <subfield code="b">L&#xB4;imprimerie de Crapelet</subfield>
    <subfield code="c">1797</subfield>
  </datafield>
  <datafield tag="300" ind1=" " ind2=" ">
    <subfield code="a">6 v.</subfield>
    <subfield code="b">il., mapas, grabados</subfield>
    <subfield code="c">14 cm.</subfield>
  </datafield>
  <datafield tag="500" ind1=" " ind2=" ">
    <subfield code="a">En el lomo: Voyages de L&#xB4;Inde</subfield>
  </datafield>
  <datafield tag="500" ind1=" " ind2=" ">
    <subfield code="a">Edici&#xF3;n de cantos dorados</subfield>
  </datafield>
  <datafield tag="500" ind1=" " ind2=" ">
    <subfield code="a">Sello de ex-libris: Harry Caresse</subfield>
  </datafield>
  <datafield tag="500" ind1=" " ind2=" ">
    <subfield code="a">S101</subfield>
  </datafield>
  <datafield tag="505" ind1="0" ind2=" ">
    <subfield code="a">v.1 Voyage de L&#xB4;Inde a la Mekke.-- v.2 Voyages de La Perse dans L&#xB4;Inde et du Bengal en Perse.-- v.3 Voyages de La Perse dans L&#xB4;Inde et du Bengal en Perse (continuaci&#xF3;n).-- v.4 Voyage pittoresque de L&#xB4;Inde fait dans les an&#xE9;es 1780-1783.-- v.5 Voyage pittoresque de L&#xB4;Inde fait dans les an&#xE9;es 1780-1783 (continuaci&#xF3;n).-- v.6 Atlas</subfield>
  </datafield>
  <datafield tag="650" ind1="1" ind2="4">
    <subfield code="a">Islamismo</subfield>
    <subfield code="9">20713</subfield>
  </datafield>
  <datafield tag="651" ind1=" " ind2="4">
    <subfield code="a">India</subfield>
    <subfield code="x">Descripci&#xF3;n y viajes</subfield>
    <subfield code="9">17294</subfield>
  </datafield>
  <datafield tag="651" ind1=" " ind2="4">
    <subfield code="a">Arabia Saudita</subfield>
    <subfield code="z">La Meca</subfield>
    <subfield code="9">20714</subfield>
  </datafield>
  <datafield tag="700" ind1="1" ind2=" ">
    <subfield code="a">Langl&#xE9;s, L.</subfield>
    <subfield code="e">tr.</subfield>
    <subfield code="9">20715</subfield>
  </datafield>
  <datafield tag="902" ind1=" " ind2=" ">
    <subfield code="a">GFM</subfield>
  </datafield>
  <datafield tag="942" ind1=" " ind2=" ">
    <subfield code="2">lcc</subfield>
    <subfield code="c">B</subfield>
  </datafield>
  <datafield tag="999" ind1=" " ind2=" ">
    <subfield code="c">7963</subfield>
    <subfield code="d">7963</subfield>
  </datafield>
  <datafield tag="952" ind1=" " ind2=" ">
    <subfield code="0">0</subfield>
    <subfield code="1">0</subfield>
    <subfield code="4">0</subfield>
    <subfield code="7">0</subfield>
    <subfield code="a">BRCA</subfield>
    <subfield code="b">BRCA</subfield>
    <subfield code="d">2014-06-16</subfield>
    <subfield code="i">S101</subfield>
    <subfield code="l">0</subfield>
    <subfield code="o">DS35.5 .V6 1797 (S101)</subfield>
    <subfield code="p">8919</subfield>
    <subfield code="r">2019-03-22 00:00:00</subfield>
    <subfield code="w">2019-03-22</subfield>
    <subfield code="y">B</subfield>
  </datafield>
</record>
